| 000 | 00476nam a22001697a 4500 | ||
|---|---|---|---|
| 005 | 20240607163046.0 | ||
| 008 | 240607b |||||||| |||| 00| 0 eng d | ||
| 082 |
_a615.7 _bNAD-B |
||
| 100 | _aNadeem Irfan Bukhari | ||
| 245 |
_aBiopharmaceutics and pharmacokinetics _bAn activity based learning |
||
| 250 | _a4th ed. | ||
| 260 |
_aPakistan : _bNadeem irfan ; _c2023 . |
||
| 300 |
_a247 p. _c28.5 cm |
||
| 650 | _apharmaceutics / Medical | ||
| 999 |
_c35872 _d35872 |
||